Culturel Basis of a New World Oder (Record no. 3711)

MARC details
000 -LEADER
fixed length control field 00587nam a2200229 a 4500
020 ## - INTERNATIONAL STANDARD BOOK NUMBER
ISBN
082 00 - DEWEY DECIMAL CLASSIFICATION NUMBER
Classification number 306
Author Cutter LAT
100 ## - MAIN ENTRY--AUTHOR NAME
Author name Abdul Latif, Syed Abdul
245 ## - TITLE STATEMENT
Title Culturel Basis of a New World Oder
260 ## - PUBLICATION, DISTRIBUTION, ETC. (IMPRINT)
Place of publication Hyderabad
Name of publisher Markazi Anjuman Taleemus Salat
Year of publication 0000
300 ## - PHYSICAL DESCRIPTION
Number of Pages 12p
500 ## - GENERAL NOTE
General note includes index and biblioraphy
505 2# - FORMATTED CONTENTS NOTE
Formatted contents note Map and Appendex
942 ## - ADDED ENTRY ELEMENTS (KOHA)
Koha item type Books
700 1# -
-- Abdul Latif, Syed Abdul
Holdings
Collection code Home library Current library Date acquired Cost, normal purchase price Full call number Accession Number Koha item type
  Henry Martyn Institute Library Henry Martyn Institute Library 05/24/2005 0.00 306 LAT 06362 Books
                   Copyright © 2026 | Henry Martyn Institute | Hyderabad | TS-500052 | INDIA | Implemented by hmi.edu.in
Hit-Count:

Powered by Koha